|
|
|
|
| LEADER |
00000nam a2200000 i 4500 |
| 001 |
ELB212445 |
| 003 |
FINmELB |
| 005 |
20220905121057.0 |
| 006 |
m o u |
| 007 |
cr cn||||||||| |
| 008 |
220902s2007 sp o 000 f spa d |
| 020 |
|
|
|z 9788496831476
|q impreso
|
| 035 |
|
|
|a (OCoLC)1345546633
|
| 040 |
|
|
|a FINmELB
|b spa
|e rda
|c FINmELB
|
| 041 |
1 |
|
|a spa
|h eng
|
| 050 |
1 |
4 |
|a PR3694.R6
|b S665 2007
|
| 080 |
|
|
|a 82-31
|
| 082 |
0 |
4 |
|a 823.6
|2 23
|
| 100 |
1 |
|
|a Smollett, T.
|q (Tobias),
|d 1721-1771,
|e autor.
|
| 240 |
1 |
0 |
|a Adventures of Roderick Random.
|l Español.
|s (Llorach)
|
| 245 |
1 |
4 |
|a Las aventuras de Roderick Random /
|c Tobias Smollett ; traducción de Carles Llorach.
|
| 264 |
|
1 |
|a [Mataró, España] :
|b Ediciones de Intervención Cultural/Montesinos,
|c [2007]
|
| 300 |
|
|
|a 1 recurso en línea (480 páginas)
|
| 336 |
|
|
|a texto
|b txt
|2 rdacontent/spa
|
| 337 |
|
|
|a computadora
|b c
|2 rdamedia/spa
|
| 338 |
|
|
|a recurso en línea
|b cr
|2 rdacarrier/spa
|
| 588 |
|
|
|a Descripción basada en metadatos suministrados por el editor y otras fuentes.
|
| 590 |
|
|
|a Recurso electrónico. Santa Fe, Arg.: elibro, 2022. Disponible vía World Wide Web. El acceso puede estar limitado para las bibliotecas afiliadas a elibro.
|
| 650 |
|
0 |
|a Scots
|z England
|v Fiction.
|
| 650 |
|
4 |
|a Pícaros y vagabundos
|v Novela.
|
| 650 |
|
4 |
|a Marineros
|v Novela.
|
| 650 |
|
4 |
|a Escocés
|z Inglaterra
|v Novela.
|
| 650 |
|
4 |
|a Buques de guerra
|v Novela.
|
| 650 |
|
0 |
|a Rogues and vagabonds
|v Fiction.
|
| 650 |
|
0 |
|a Impressment
|v Fiction.
|
| 650 |
|
0 |
|a Warships
|v Fiction.
|
| 650 |
|
0 |
|a Sailors
|v Fiction.
|
| 651 |
|
0 |
|a England
|v Fiction.
|
| 651 |
|
4 |
|a Inglaterra
|v Novela.
|
| 655 |
|
4 |
|a Libros electrónicos.
|
| 655 |
|
4 |
|a Novela picaresca.
|
| 655 |
|
4 |
|a Novela de acción y aventuras.
|
| 655 |
|
4 |
|a Novela marina.
|
| 700 |
1 |
|
|a Llorach, Carles,
|e traductor.
|
| 700 |
1 |
|
|i Traducción de:
|a Smollett, T.
|q (Tobias),
|d 1721-1771.
|t Adventures of Roderick Random.
|
| 797 |
2 |
|
|a elibro, Corp.
|
| 856 |
4 |
0 |
|u https://elibro.uam.elogim.com/ereader/bidiuam/212445
|z Texto completo
|